Most Liked Webtoons Series - Statistics

General Stats
  • This quiz has been taken 786 times
    764 since last reset
  • The average score is 5 of 24
Answer Stats
Likes Webtoon % Correct
27.5M unOrdinary
68%
20.5M True Beauty
65%
20.5M Lore Olympus
56%
26.9M Tower of God
54%
21.7M I Love Yoo
43%
22.5M Lookism
43%
12.4M The God of High School
31%
20.4M Let's Play
29%
12.1M Age Matters
20%
10.5M Sweet Home
19%
32.1M My Giant Nerd Boyfriend
16%
13.1M LUMINE
15%
17.1M Siren's Lament
14%
27.9M Bluechair
12%
10.8M The Gamer
10%
18.3M Boyfriend of the Dead
9%
20.6M Winter Moon
8%
15.7M Adventures of God
6%
12.1M Yumi's Cells
6%
10.7M Eggnoid
4%
10.1M My Dear Cold-Blooded King
4%
13.6M Murrz
3%
13.6M Safely Endangered
3%
13.2M Small World
2%
No matching quizzes found
Score Distribution
Percent of People with Each Score
Percentile by Number Answered
Your Score History
You have not taken this quiz since the last reset